[Event "RUS-chT Premier 2021"]
[White "Samusenko,Maksim"]
[Black "Pershin,Denis"]
[WhiteTeam "Ладья"]
[BlackTeam "СШОР"]
[Site "Sochi"]
[Round "4.10"]
[Annotator "ChessBase"]
[Result "1-0"]
[Date "2021.05.04"]
[WhiteElo "2467"]
[BlackElo "2391"]
[PlyCount "53"]
[TimeControl "60"]

1. e4 {[%emt 0:0:0]} c6 {[%emt 0:0:0]} 2. Nc3 {[%emt 0:0:28]} d5 {[%emt 0:0:0]} 3. Nf3 {[%emt 0:0:30]} Bg4 {[%emt 0:0:28]} 4. h3 {[%emt 0:0:39]} Bxf3 {[%emt 0:0:6]} 5. Qxf3 {[%emt 0:0:6]} e6 {[%emt 0:0:7]} 6. Be2 {[%emt 0:0:52]
} Nf6 {[%emt 0:0:44]} 7. 0-0 {[%emt 0:1:22]} Bc5 {[%emt 0:0:0]} 8. Rd1 {[%emt 0:2:43]} Bd4 {[%emt 0:0:14]} 9. Qf4 {[%emt 0:1:48]} dxe4 {[%emt 0:10:23]} 10. d3 {[%emt 0:13:43]} exd3 {[%emt 0:23:56]} 11. Bxd3 {[%emt 0:2:16]
} Bxc3 {[%emt 0:3:10]} 12. bxc3 {[%emt 0:2:13]} Qe7 {[%emt 0:0:0]} 13. Qg3 {[%emt 0:9:45]} 0-0 {[%emt 0:0:30]} 14. Rb1 {[%emt 0:3:35]} b6 {[%emt 0:7:53]} 15. Bg5 {[%emt 0:2:33]} Nbd7 {[%emt 0:17:21]} 16. Rb4 {[%emt 0:11:23]
} Rfd8 {[%emt 0:1:39]} 17. Rf4 {[%emt 0:16:53]} e5 {[%emt 0:0:0]} 18. Bxh7+ {[%emt 0:5:2]} Kf8 {[%emt 0:5:35]} 19. Rh4 {[%emt 0:0:59]} Qe6 {[%emt 0:0:51]} 20. Be4 {[%emt 0:2:6]} Nc5 {[%emt 0:2:22]} 21. Re1 {[%emt 0:2:10]
} Ncxe4 {[%emt 0:12:9]} 22. Rexe4 {[%emt 0:0:10]} Re8 {[%emt 0:0:0]} 23. f4 {[%emt 0:9:33]} exf4 {[%emt 0:1:14]} 24. Bxf6 {[%emt 0:0:12]} gxf6 {[%emt 0:4:56]} 25. Rh8+ {[%emt 0:0:7]} Ke7 {[%emt 0:0:23]} 26. Rxe6+ {[%emt 0:1:12]} Kxe6 {[%emt 0:0:34]} 27. Rxe8+ {[%emt 0:0:27]} 1-0

[Event "RUS-chT Premier 2021"]
[White "Saveliev,Alexei"]
[Black "Faizrakhmanov,Ramil"]
[WhiteTeam "СШОР"]
[BlackTeam "Ладья"]
[Site "Sochi"]
[Round "4.11"]
[Annotator "ChessBase"]
[Result "1-0"]
[Date "2021.05.04"]
[WhiteElo "2358"]
[BlackElo "2477"]
[PlyCount "99"]
[TimeControl "60"]

1. e4 {[%emt 0:0:0]} c6 {[%emt 0:0:0]} 2. d4 {[%emt 0:0:0]} d5 {[%emt 0:0:0]} 3. exd5 {[%emt 0:0:0]} cxd5 {[%emt 0:0:0]} 4. Bd3 {[%emt 0:0:0]} Nc6 {[%emt 0:0:45]} 5. c3 {[%emt 0:0:0]} Qc7 {[%emt 0:0:21]} 6. Ne2 {[%emt 0:4:4]
} Bg4 {[%emt 0:0:37]} 7. 0-0 {[%emt 0:0:8]} e6 {[%emt 0:0:36]
} 8. Qe1 {[%emt 0:0:56]} Nf6 {[%emt 0:0:42]} 9. Bf4 {[%emt 0:4:18]} Bd6 {[%emt 0:1:4]
} 10. Bxd6 {[%emt 0:1:13]} Qxd6 {[%emt 0:0:6]} 11. Ng3 {[%emt 0:2:13]
} 0-0 {[%emt 0:1:22]} 12. h3 {[%emt 0:4:52]} Bh5 {[%emt 0:0:0]} 13. Nd2 {[%emt 0:5:20]} Rae8 {[%emt 0:6:13]} 14. f4 {[%emt 0:6:0]} Bg6 {[%emt 0:0:57]} 15. Bxg6 {[%emt 0:13:5]} hxg6 {[%emt 0:0:10]} 16. Qe2 {[%emt 0:0:26]
} Ne7 {[%emt 0:4:50]} 17. Rae1 {[%emt 0:9:42]} Nf5 {[%emt 0:0:0]} 18. Nh1 {[%emt 0:13:1]} Qc7 {[%emt 0:0:17]} 19. g4 {[%emt 0:1:20]} Nd6 {[%emt 0:1:10]} 20. Nf2 {[%emt 0:0:22]} b5 {[%emt 0:4:31]} 21. Nd3 {[%emt 0:0:0]} Nfe4 {[%emt 0:4:41]} 22. Rf3 f6 23. h4 {[%emt 0:3:33]} a5 {[%emt 0:0:0]} 24. a3 {[%emt 0:0:8]} Qc8 {[%emt 0:6:40]} 25. Rh3 {[%emt 0:10:38]} Rf7 {[%emt 0:5:6]} 26. Nf3 {[%emt 0:2:2]} Nc4 {[%emt 0:1:23]} 27. Qg2 {[%emt 0:3:46]
} Kf8 {[%emt 0:15:5]} 28. h5 {[%emt 0:2:39]} gxh5 {[%emt 0:0:0]} 29. Rxh5 {[%emt 0:2:14]} Ncd6 {[%emt 0:0:38]} 30. f5 {[%emt 0:5:7]} exf5 {[%emt 0:1:43]} 31. Nf4 {[%emt 0:1:35]} g5 {[%emt 0:1:4]} 32. Nxd5 {[%emt 0:2:7]
} Qe6 {[%emt 0:2:56]} 33. Rh8+ {[%emt 0:1:2]} Kg7 {[%emt 0:0:0]} 34. Rxe8 {[%emt 0:0:3]} Nxe8 {[%emt 0:0:49]} 35. Nh4 {[%emt 0:1:11]} N8d6 {[%emt 0:5:9]} 36. Nf4 {[%emt 0:2:27]} Qd7 {[%emt 0:4:26]} 37. Nxf5+ {[%emt 0:0:21]
} Nxf5 {[%emt 0:0:24]} 38. gxf5 {[%emt 0:0:39]} Nd6 {[%emt 0:0:0]} 39. Ne6+ {[%emt 0:0:6]} Kg8 {[%emt 0:1:13]} 40. Qa8+ {[%emt 0:0:0]
} Nc8 {[%emt 0:0:0]} 41. Re2 {[%emt 0:10:31]} a4 {[%emt 0:2:29]} 42. Qf3 {[%emt 0:8:49]
} Rh7 {[%emt 0:6:33]} 43. Nc5 {[%emt 0:0:25]} Qd8 {[%emt 0:0:0]} 44. Re6 {[%emt 0:1:39]} Rh6 {[%emt 0:9:16]} 45. Qb7 {[%emt 0:9:51]} Rh7 {[%emt 0:2:45]} 46. Qxb5 {[%emt 0:0:33]} Ne7 {[%emt 0:1:57]} 47. Ne4 {[%emt 0:1:18]
} Rh4 {[%emt 0:2:21]} 48. Nxf6+ {[%emt 0:0:22]} Kf7 {[%emt 0:0:0]} 49. Qe5 {[%emt 0:0:33]} Qf8 {[%emt 0:3:35]} 50. Ne4 {[%emt 0:1:12]} 1-0

[Event "RUS-chT Premier 2021"]
[White "Gaifullin,Artur"]
[Black "Timerkhanov,Alexander"]
[WhiteTeam "Ладья"]
[BlackTeam "СШОР"]
[Site "Sochi"]
[Round "4.12"]
[Annotator "ChessBase"]
[Result "0-1"]
[Date "2021.05.04"]
[WhiteElo "2450"]
[BlackElo "2400"]
[PlyCount "130"]
[TimeControl "60"]

1. d4 {[%emt 0:0:0]} d5 {[%emt 0:0:0]} 2. Nf3 {[%emt 0:0:0]} Nf6 {[%emt 0:0:0]
} 3. c4 {[%emt 0:0:0]} c6 {[%emt 0:0:0]} 4. Nc3 {[%emt 0:0:0]} a6 {[%emt 0:0:0]} 5. g3 {[%emt 0:1:18]} dxc4 {[%emt 0:5:6]} 6. Bg2 {[%emt 0:0:5]
} b5 {[%emt 0:2:29]} 7. 0-0 {[%emt 0:0:42]} Bb7 {[%emt 0:1:29]
} 8. e4 {[%emt 0:5:52]} e6 {[%emt 0:0:48]} 9. e5 {[%emt 0:14:1]} Nd5 {[%emt 0:1:15]
} 10. Ne4 {[%emt 0:0:5]} h6 {[%emt 0:8:42]} 11. Nh4 {[%emt 0:0:0]} Be7 {[%emt 0:10:27]} 12. Qh5 {[%emt 0:2:45]} g6 {[%emt 0:6:1]} 13. Nxg6 {[%emt 0:19:28]} fxg6 {[%emt 0:0:4]} 14. Qxg6+ {[%emt 0:0:5]} Kd7 {[%emt 0:0:4]
} 15. Bh3 {[%emt 0:0:15]} Qg8 {[%emt 0:0:46]} 16. Qh5 {[%emt 0:0:0]} Kc7 {[%emt 0:3:10]} 17. Nf6 {[%emt 0:1:34]} Qf8 {[%emt 0:5:26]} 18. Bxe6 {[%emt 0:1:28]} Nxf6 {[%emt 0:0:58]} 19. exf6 {[%emt 0:0:6]} Qxf6 {[%emt 0:0:35]
} 20. Re1 {[%emt 0:4:54]} Bd6 {[%emt 0:1:50]} 21. Bd2 {[%emt 0:0:0]} Bc8 {[%emt 0:4:35]} 22. Ba5+ {[%emt 0:7:22]} Kb7 {[%emt 0:0:5]} 23. Qh3 {[%emt 0:4:53]} Bc7 {[%emt 0:7:47]} 24. Bc3 {[%emt 0:1:47]} Rf8 {[%emt 0:4:19]
} 25. Bxc8+ {[%emt 0:0:58]} Rxc8 {[%emt 0:0:1]} 26. Re6 {[%emt 0:0:56]
} Qf3 {[%emt 0:0:57]} 27. Re3 {[%emt 0:6:14]} Qd5 {[%emt 0:0:0]} 28. Re7 {[%emt 0:2:13]} a5 {[%emt 0:0:8]} 29. Rae1 {[%emt 0:1:50]} b4 {[%emt 0:2:9]} 30. Bd2 {[%emt 0:0:2]} Na6 {[%emt 0:0:57]} 31. Rd7 {[%emt 0:2:34]
} Qf3 {[%emt 0:0:26]} 32. Qf1 {[%emt 0:3:19]} Re8 {[%emt 0:0:0]} 33. Be3 {[%emt 0:2:12]} Rad8 {[%emt 0:0:59]} 34. Rh7 {[%emt 0:0:33]} Rh8 {[%emt 0:0:53]} 35. Rxh8 {[%emt 0:1:30]} Rxh8 {[%emt 0:0:1]} 36. Qxc4 {[%emt 0:0:8]
} h5 {[%emt 0:0:17]} 37. h4 {[%emt 0:2:9]} Re8 {[%emt 0:4:34]
} 38. Qe2 {[%emt 0:2:11]} Qxe2 {[%emt 0:0:25]} 39. Rxe2 {[%emt 0:0:1]} Bb6 {[%emt 0:0:7]} 40. Rd2 {[%emt 0:0:0]} Nc7 {[%emt 0:0:0]} 41. Kg2 {[%emt 0:0:39]
} Nd5 {[%emt 0:1:10]} 42. Kf3 {[%emt 0:0:16]} Ka6 {[%emt 0:0:0]} 43. Bg5 {[%emt 0:4:57]} a4 {[%emt 0:6:36]} 44. Rd1 {[%emt 0:3:2]} Kb5 {[%emt 0:0:36]} 45. g4 {[%emt 0:1:59]} Rf8+ {[%emt 0:0:36]} 46. Ke4 {[%emt 0:1:40]
} hxg4 {[%emt 0:0:37]} 47. h5 {[%emt 0:0:3]} Nf6+ {[%emt 0:0:0]} 48. Bxf6 {[%emt 0:1:0]} Rxf6 {[%emt 0:0:1]} 49. Rh1 {[%emt 0:0:9]} Rxf2 {[%emt 0:0:45]} 50. h6 {[%emt 0:0:27]} Re2+ {[%emt 0:2:13]} 51. Kd3 {[%emt 0:0:6]
} Re8 {[%emt 0:0:11]} 52. h7 {[%emt 0:0:9]} Rh8 {[%emt 0:0:0]} 53. Rh5+ {[%emt 0:0:57]} c5 {[%emt 0:1:19]} 54. b3 {[%emt 0:0:11]} axb3 {[%emt 0:6:11]} 55. axb3 {[%emt 0:0:3]} g3 {[%emt 0:0:6]} 56. Ke2 {[%emt 0:1:13]
} Kc6 {[%emt 0:0:29]} 57. d5+ {[%emt 0:0:47]} Kd7 {[%emt 0:0:0]} 58. Kf3 {[%emt 0:0:19]} Bc7 {[%emt 0:0:5]} 59. Kg2 {[%emt 0:0:31]} Bd6 {[%emt 0:0:6]} 60. Rh6 {[%emt 0:0:34]} Bf4 {[%emt 0:3:8]} 61. Rf6 {[%emt 0:2:35]
} Be5 {[%emt 0:0:17]} 62. Rh6 {[%emt 0:0:46]} Rf8 {[%emt 0:0:0]} 63. Kg1 {[%emt 0:4:24]} Ra8 {[%emt 0:0:23]} 64. Rg6 {[%emt 0:1:4]} Ra2 {[%emt 0:2:8]} 65. Rg4 {[%emt 0:0:20]} Rh2 {[%emt 0:1:29]} 0-1

[Event "RUS-chT Premier 2021"]
[White "Predke,Alexandr"]
[Black "Motylev,Alexander"]
[WhiteTeam "Шахматная сборная Москвы"]
[BlackTeam "Гоголевский, 14"]
[Site "Sochi"]
[Round "4.13"]
[Annotator "TA"]
[Result "1/2-1/2"]
[Date "2021.05.04"]
[WhiteElo "2690"]
[BlackElo "2641"]
[PlyCount "74"]

1. d4 {} Nf6 2. c4 e6 3. Nf3 d5 4. g3 Bb4+ 5. Bd2 Be7 6. Bg2 0-0 7. 0-0 Nbd7 8. Qc2 c6 9. Bg5 h6 {E11: Bogo-Indian.} 10. Bf4 a5 11. Rd1 {[#]} a4 $146 {The position is equal.} ({Predecessor:} 11... b6 12. Ne5 Nxe5 13. dxe5 Nd7 14. Nc3 Bc5 15. Na4 Be7 16. Nc3 Bc5 17. Na4 Be7 18. cxd5 cxd5 {1/2-1/2 (50)
Semrl,M (2606)-Kunzelmann,F (2487) ICCF email 2017} )12. Ne5 Nxe5 13. dxe5 Nd7 14. Nc3 {} dxc4 15. a3 Qa5 16. Qe4 Re8 17. h4 Nc5 (17... g5 $15 18. Bd2 Nxe5 )18. Qxc4 $11 b5 19. Qb4 Qa6 { [#]} (19... Bb7 $14 )20. Bxh6 $1 $18 {} gxh6 21. Qg4+ Kh7 22. Qh5 Rf8 23. Rd4 $1 {
} f5 {Threatens to win with ...Ra7.} 24. exf6 $1 Rxf6 25. Ne4 $2 (25. Rf4 $1 $18 { Strongly threatening Rxf6.} Rxf4 26. gxf4 )Rf5 {[#]} ({
Black should play} 25... Nxe4 $14 26. Bxe4+ Kg8 )26. Qe8 $2 ({White must play} 26. Ng5+ $1 $18 Bxg5 27. Rg4 )Qa7 $11 {White must now prevent ...Nb3.} 27. Rad1 $2 {} (27. h5 $1 $11 {and White is okay.} Nb3 28. Qg6+ Kh8 29. Qxh6+ Kg8 30. Qg6+ Kh8 31. Rdd1 (31. Qh6+ Kg8 $16 )Nxa1 32. h6 )Ba6 $19 28. Qxc6 Bb7 29. Qc7 {[#]} Bxe4 $1 30. Qxa7 Rxa7 31. Bxe4 Nxe4 32. Rxe4 Rd5 33. Rc1 (33. Rxd5 $142 exd5 34. Rd4 )Rd2 34. Rb1 Bf6 35. b3 Rb2 $2 (35... Be7 $19 {And now ...b4! would win.} 36. b4 Ra2 )36. Rxb2 $15 Bxb2 37. Rb4 Bxa3 {Weighted Error Value: White=0.42/Black=0.52} 1/2-1/2

[Event "RUS-chT Premier 2021"]
[White "Goryachkina,Aleksandra"]
[Black "Malakhov,Vladimir"]
[WhiteTeam "Гоголевский, 14"]
[BlackTeam "Шахматная сборная Москвы"]
[Site "Sochi"]
[Round "4.14"]
[Annotator "RC"]
[Result "1/2-1/2"]
[Date "2021.05.04"]
[WhiteElo "2593"]
[BlackElo "2665"]
[PlyCount "61"]
[TimeControl "60"]

1. d4 {[%emt 0:0:0]} d5 {[%emt 0:0:0]} 2. c4 {[%emt 0:0:0]} c6 {[%emt 0:0:0]} 3. Nf3 {[%emt 0:0:7]} Nf6 {[%emt 0:0:1]} 4. Nc3 {[%emt 0:0:12]} dxc4 {[%emt 0:0:34]} 5. a4 {[%emt 0:0:15]} Bf5 {[%emt 0:0:16]} 6. e3 {[%emt 0:0:19]
} e6 {[%emt 0:0:18]} 7. Bxc4 {[%emt 0:0:15]} Bb4 {[%emt 0:0:0]} 8. 0-0 {[%emt 0:0:32]} Nbd7 {[%emt 0:0:46]} 9. Qe2 {[%emt 0:1:51]} Bg4 {[%emt 0:1:50]} 10. h3 {[%emt 0:5:46]} Bxf3 {[%emt 0:0:41]} 11. Qxf3 {[%emt 0:0:10]
} 0-0 {[%emt 0:0:8]} 12. Rd1 {[%emt 0:6:34]} Rc8 {[%emt 0:0:0]} 13. e4 {[%emt 0:4:18]} e5 {[%emt 0:0:59]} 14. Be3 {[%emt 0:3:56]} Qe7 {[%emt 0:6:29]
} 15. d5 {[%emt 0:4:32]} Nb6 {[%emt 0:1:5]} 16. Bb3 {[%emt 0:0:0]} cxd5 {[%emt 0:0:11]} 17. Nxd5 {[%emt 0:0:26]} Nbxd5 {[%emt 0:0:21]} 18. Bxd5 {[%emt 0:1:49]} Nxd5 {[%emt 0:0:5]} 19. Rxd5 {[%emt 0:0:22]} b6 {[%emt 0:0:8]
} 20. Rad1 {[%emt 0:7:31]} Rcd8 {[%emt 0:5:20]} 21. Qg4 {[%emt 0:9:18]
} Rxd5 {[%emt 0:3:19]} 22. Rxd5 {[%emt 0:0:16]} Rd8 {[%emt 0:0:0]} 23. Bh6 {[%emt 0:2:15]} g6 {[%emt 0:0:8]} 24. Qd1 {[%emt 0:1:23]} Rd6 {[%emt 0:27:1]} 25. Qd3 {[%emt 0:7:53]} Bc5 {[%emt 0:10:35]} 26. Rxd6 {[%emt 0:18:13]
} Qxd6 {[%emt 0:0:49]} 27. Qa6 {[%emt 0:1:46]} Qd1+ {[%emt 0:0:0]} 28. Kh2 {[%emt 0:0:34]} Qd7 {[%emt 0:0:4]} 29. Kg1 {[%emt 0:12:6]} Qd1+ {[%emt 0:0:56]} 30. Kh2 {[%emt 0:0:8]} Qd7 {[%emt 0:0:4]} 31. Kg1 {[%emt 0:2:39]
} 1/2-1/2

[Event "RUS-chT Premier 2021"]
[White "Sjugirov,Sanan"]
[Black "Kobalia,Mikhail"]
[WhiteTeam "Шахматная сборная Москвы"]
[BlackTeam "Гоголевский, 14"]
[Site "Sochi"]
[Round "4.15"]
[Annotator "RC"]
[Result "1/2-1/2"]
[Date "2021.05.04"]
[WhiteElo "2663"]
[BlackElo "2587"]
[PlyCount "106"]
[TimeControl "60"]

1. d4 {[%emt 0:0:0]} d5 {[%emt 0:0:0]} 2. c4 {[%emt 0:0:0]} c6 {[%emt 0:0:0]} 3. Nf3 {[%emt 0:0:5]} Nf6 {[%emt 0:0:0]} 4. Nc3 {[%emt 0:0:20]} dxc4 {[%emt 0:8:6]} 5. a4 {[%emt 0:0:32]} e6 {[%emt 0:0:21]} 6. e3 {[%emt 0:0:36]
} c5 {[%emt 0:0:9]} 7. Bxc4 {[%emt 0:0:15]} Nc6 {[%emt 0:0:0]} 8. 0-0 {[%emt 0:0:30]} cxd4 {[%emt 0:0:15]} 9. exd4 {[%emt 0:0:31]} Be7 {[%emt 0:0:4]} 10. Qe2 {[%emt 0:12:27]} 0-0 {[%emt 0:0:26]} 11. Rd1 {[%emt 0:0:40]
} Nb4 {[%emt 0:7:45]} 12. Ne5 {[%emt 0:8:29]} Bd7 {[%emt 0:0:0]} 13. a5 {[%emt 0:8:14]} Bc6 {[%emt 0:5:18]} 14. a6 {[%emt 0:18:51]} Nbd5 {[%emt 0:8:0]} 15. Bd2 {[%emt 0:5:42]} Qd6 {[%emt 0:3:40]} 16. Bxd5 {[%emt 0:7:23]
} Nxd5 {[%emt 0:4:59]} 17. Ne4 {[%emt 0:1:21]} Qb8 {[%emt 0:0:0]} 18. Nc5 {[%emt 0:1:44]} Bxc5 {[%emt 0:5:27]} 19. dxc5 {[%emt 0:0:10]} Be8 {[%emt 0:0:12]} 20. Ra3 {[%emt 0:8:27]} bxa6 {[%emt 0:18:7]} 21. Rg3 {[%emt 0:0:16]
} Ne7 {[%emt 0:5:11]} 22. Bc3 {[%emt 0:0:59]} Nf5 {[%emt 0:0:0]} 23. Rh3 {[%emt 0:0:52]} Qc7 {[%emt 0:8:5]} 24. Ng4 {[%emt 0:4:24]} Qf4 {[%emt 0:3:32]} 25. Ne3 {[%emt 0:14:8]} Bb5 {[%emt 0:4:5]} 26. Qh5 {[%emt 0:0:8]
} h6 {[%emt 0:0:8]} 27. Nxf5 {[%emt 0:2:28]} Qxf5 {[%emt 0:0:0]} 28. Qxf5 {[%emt 0:2:39]} exf5 {[%emt 0:0:6]} 29. Rd6 {[%emt 0:0:23]} f6 {[%emt 0:3:7]} 30. Rf3 {[%emt 0:0:24]} Rfe8 {[%emt 0:3:41]} 31. Rxf5 {[%emt 0:0:34]
} Rac8 {[%emt 0:0:2]} 32. f3 {[%emt 0:1:31]} Kf7 {[%emt 0:0:0]} 33. h3 {[%emt 0:0:29]} Kg6 {[%emt 0:0:10]} 34. Rfd5 {[%emt 0:0:11]} Re7 {[%emt 0:0:51]} 35. Bb4 {[%emt 0:1:0]} Rec7 {[%emt 0:2:19]} 36. Kf2 {[%emt 0:0:30]
} a5 {[%emt 0:0:13]} 37. Ba3 {[%emt 0:0:4]} Re8 {[%emt 0:0:0]} 38. Rd2 {[%emt 0:0:59]} Rce7 {[%emt 0:0:8]} 39. g4 {[%emt 0:0:38]} Re2+ {[%emt 0:2:56]} 40. Kg3 {[%emt 0:0:0]} Rxd2 {[%emt 0:0:0]} 41. Rxd2 {[%emt 0:0:50]
} h5 {[%emt 0:1:7]} 42. Kf2 {[%emt 0:1:19]} Re6 {[%emt 0:0:0]} 43. b3 {[%emt 0:2:6]} a4 {[%emt 0:2:14]} 44. bxa4 {[%emt 0:9:49]} Bxa4 {[%emt 0:0:6]} 45. Rd6 {[%emt 0:2:9]} Rxd6 {[%emt 0:1:19]} 46. cxd6 {[%emt 0:0:5]
} a5 {[%emt 0:1:56]} 47. Kg3 {[%emt 0:1:13]} Bc6 {[%emt 0:0:0]} 48. Bb2 {[%emt 0:2:54]} hxg4 {[%emt 0:0:17]} 49. hxg4 {[%emt 0:0:41]} Kf7 {[%emt 0:0:9]} 50. f4 {[%emt 0:3:20]} Ke6 {[%emt 0:2:8]} 51. g5 {[%emt 0:0:49]
} fxg5 {[%emt 0:0:7]} 52. Bxg7 {[%emt 0:0:9]} gxf4+ {[%emt 0:0:0]} 53. Kxf4 {[%emt 0:0:3]} Kxd6 {[%emt 0:0:4]} 1/2-1/2

[Event "RUS-chT Premier 2021"]
[White "Murzin,Volodar"]
[Black "Sarana,Alexey"]
[WhiteTeam "Гоголевский, 14"]
[BlackTeam "Шахматная сборная Москвы"]
[Site "Sochi"]
[Round "4.16"]
[Annotator "RC"]
[Result "0-1"]
[Date "2021.05.04"]
[WhiteElo "2478"]
[BlackElo "2649"]
[PlyCount "138"]
[TimeControl "60"]

1. e4 {[%emt 0:0:0]} c5 {[%emt 0:0:0]} 2. Nf3 {[%emt 0:0:0]} d6 {[%emt 0:0:0]} 3. d4 {[%emt 0:0:0]} cxd4 {[%emt 0:0:0]} 4. Qxd4 {[%emt 0:0:0]} Nc6 {[%emt 0:0:10]} 5. Qe3 {[%emt 0:0:0]} g6 {[%emt 0:0:13]} 6. Be2 {[%emt 0:0:6]
} Bg7 {[%emt 0:0:5]} 7. 0-0 {[%emt 0:0:6]} Nf6 {[%emt 0:0:0]} 8. Rd1 {[%emt 0:0:7]} 0-0 {[%emt 0:0:9]} 9. Nc3 {[%emt 0:0:5]} Ng4 {[%emt 0:0:12]
} 10. Qf4 {[%emt 0:0:10]} Qb6 {[%emt 0:0:27]} 11. Qg3 {[%emt 0:0:0]} Qc5 {[%emt 0:0:24]} 12. Rd5 {[%emt 0:2:53]} Qb6 {[%emt 0:0:31]} 13. Rd1 {[%emt 0:0:7]} Qc5 {[%emt 0:0:8]} 14. h3 {[%emt 0:3:44]} Nge5 {[%emt 0:0:8]
} 15. Ne1 {[%emt 0:0:10]} Nd4 {[%emt 0:0:37]} 16. Bf1 {[%emt 0:0:0]} Nec6 {[%emt 0:12:25]} 17. Be3 {[%emt 0:7:28]} f5 {[%emt 0:0:7]} 18. Qh4 {[%emt 0:3:36]} fxe4 {[%emt 0:15:34]} 19. Nxe4 {[%emt 0:5:32]} Nf5 {[%emt 0:1:0]
} 20. Nxc5 {[%emt 0:12:12]} Nxh4 {[%emt 0:0:17]} 21. Bc4+ {[%emt 0:0:24]
} Kh8 {[%emt 0:0:5]} 22. Ne6 {[%emt 0:0:26]} Bxe6 {[%emt 0:0:0]} 23. Bxe6 {[%emt 0:0:9]} Bxb2 {[%emt 0:0:39]} 24. Rab1 {[%emt 0:0:56]} Bf6 {[%emt 0:0:7]} 25. Bd5 {[%emt 0:4:20]} Rab8 {[%emt 0:2:31]} 26. g4 {[%emt 0:2:53]
} g5 {[%emt 0:15:46]} 27. c4 {[%emt 0:13:33]} Rfc8 {[%emt 0:0:0]} 28. c5 {[%emt 0:7:28]} dxc5 {[%emt 0:0:17]} 29. Bxc5 {[%emt 0:7:56]} b6 {[%emt 0:1:17]} 30. Be3 {[%emt 0:1:40]} Ne5 {[%emt 0:8:33]} 31. Rbc1 {[%emt 0:3:5]
} Kg7 {[%emt 0:2:23]} 32. Kf1 {[%emt 0:3:57]} Nhg6 {[%emt 0:0:0]} 33. Ke2 {[%emt 0:4:18]} Rxc1 {[%emt 0:3:27]} 34. Rxc1 {[%emt 0:0:12]} Rd8 {[%emt 0:0:2]} 35. Bb3 {[%emt 0:9:12]} b5 {[%emt 0:3:5]} 36. Ng2 {[%emt 0:4:8]
} a5 {[%emt 0:1:50]} 37. Rc5 {[%emt 0:0:26]} a4 {[%emt 0:4:17]
} 38. Bc2 {[%emt 0:0:22]} Nc4 {[%emt 0:3:27]} 39. Rxb5 {[%emt 0:0:36]} Nxe3 {[%emt 0:0:5]} 40. fxe3 {[%emt 0:0:0]} Bc3 {[%emt 0:0:0]} 41. Bxa4 {[%emt 0:3:49]
} Rd2+ {[%emt 0:1:50]} 42. Kf1 {[%emt 0:3:30]} Rxa2 {[%emt 0:0:0]} 43. Bd1 {[%emt 0:1:36]} h6 {[%emt 0:4:10]} 44. Rb1 {[%emt 0:6:20]} Be5 {[%emt 0:3:0]} 45. Be2 {[%emt 0:2:23]} Bg3 {[%emt 0:0:21]} 46. Ne1 {[%emt 0:1:20]
} Ne5 {[%emt 0:0:26]} 47. Rd1 {[%emt 0:3:14]} Kf6 {[%emt 0:0:0]} 48. Rb1 {[%emt 0:0:44]} e6 {[%emt 0:1:5]} 49. Rd1 {[%emt 0:0:58]} Kf7 {[%emt 0:5:28]} 50. Rb1 {[%emt 0:2:31]} Ke7 {[%emt 0:0:5]} 51. Rd1 {[%emt 0:0:56]
} Kf6 {[%emt 0:0:6]} 52. Rb1 {[%emt 0:1:4]} Ra3 {[%emt 0:0:0]} 53. Nc2 {[%emt 0:3:35]} Rc3 {[%emt 0:0:12]} 54. Rb2 {[%emt 0:0:10]} Nf7 {[%emt 0:0:30]} 55. Ba6 {[%emt 0:4:28]} Bd6 {[%emt 0:2:11]} 56. Ke2 {[%emt 0:0:49]
} Ne5 {[%emt 0:0:9]} 57. Ne1 {[%emt 0:1:43]} Ra3 {[%emt 0:0:0]} 58. Bb5 {[%emt 0:0:52]} Ra1 {[%emt 0:0:7]} 59. Nd3 {[%emt 0:1:10]} Rg1 {[%emt 0:4:21]} 60. Rd2 {[%emt 0:0:47]} Nf7 {[%emt 0:8:5]} 61. Nf2 {[%emt 0:0:35]
} Ke7 {[%emt 0:0:2]} 62. Bc6 {[%emt 0:1:35]} Ne5 {[%emt 0:0:0]} 63. Ba8 {[%emt 0:0:23]} Ra1 {[%emt 0:0:43]} 64. Bg2 {[%emt 0:1:2]} Bb4 {[%emt 0:0:33]} 65. Rd1 {[%emt 0:0:34]} Ra2+ {[%emt 0:0:1]} 66. Kf1 {[%emt 0:0:4]
} Nc4 {[%emt 0:0:3]} 67. Rc1 {[%emt 0:1:15]} Nxe3+ {[%emt 0:0:0]} 68. Kg1 {[%emt 0:0:4]} Nxg2 {[%emt 0:0:48]} 69. Kxg2 {[%emt 0:0:16]
} Bd2 {[%emt 0:0:6]} 0-1

[Event "RUS-chT Premier 2021"]
[White "Grachev,Boris"]
[Black "Savchenko,Boris"]
[WhiteTeam "Шахматная сборная Москвы"]
[BlackTeam "Гоголевский, 14"]
[Site "Sochi"]
[Round "4.17"]
[Annotator "RC"]
[Result "1/2-1/2"]
[Date "2021.05.04"]
[WhiteElo "2619"]
[BlackElo "2552"]
[PlyCount "113"]
[TimeControl "60"]

1. d4 {[%emt 0:0:0]} e6 {[%emt 0:0:23]} 2. Nf3 {[%emt 0:1:19]} c5 {[%emt 0:0:0]} 3. e3 {[%emt 0:0:38]} Nf6 {[%emt 0:0:40]} 4. c4 {[%emt 0:0:52]} d5 {[%emt 0:0:16]
} 5. Nc3 {[%emt 0:2:45]} a6 {[%emt 0:0:16]} 6. cxd5 {[%emt 0:0:0]} exd5 {[%emt 0:0:12]} 7. Be2 {[%emt 0:1:33]} c4 {[%emt 0:2:8]} 8. Ne5 {[%emt 0:8:15]} b5 {[%emt 0:0:23]} 9. 0-0 {[%emt 0:2:6]} Bb7 {[%emt 0:0:0]} 10. Bf3 {[%emt 0:9:18]} Bd6 {[%emt 0:10:21]} 11. b3 {[%emt 0:9:13]} b4 {[%emt 0:7:14]} 12. Na4 {[%emt 0:5:5]} c3 {[%emt 0:0:30]} 13. a3 {[%emt 0:1:9]
} a5 {[%emt 0:0:14]} 14. Nc5 {[%emt 0:1:26]} Qc7 {[%emt 0:0:0]} 15. Ned3 {[%emt 0:4:10]} Na6 {[%emt 0:1:23]} 16. axb4 {[%emt 0:29:2]} axb4 {[%emt 0:0:25]} 17. Nxb7 {[%emt 0:1:36]} Qxb7 {[%emt 0:0:10]} 18. Nf4 {[%emt 0:1:8]
} Bb8 {[%emt 0:14:13]} 19. Qc2 {[%emt 0:5:26]} 0-0 {[%emt 0:0:0]} 20. Qf5 {[%emt 0:0:58]} Nc7 {[%emt 0:3:4]} 21. Rxa8 {[%emt 0:0:21]} Qxa8 {[%emt 0:0:8]} 22. g4 {[%emt 0:0:21]} Rd8 {[%emt 0:4:17]} 23. g5 {[%emt 0:0:28]
} Nfe8 {[%emt 0:0:23]} 24. h4 {[%emt 0:1:3]} g6 {[%emt 0:0:0]} 25. Qg4 {[%emt 0:0:48]} Nb5 {[%emt 0:10:9]} 26. Nxd5 {[%emt 0:3:41]} Rxd5 {[%emt 0:0:12]} 27. Bxd5 {[%emt 0:0:16]} Qxd5 {[%emt 0:0:9]} 28. Qc8 {[%emt 0:0:5]
} Nbd6 {[%emt 0:1:59]} 29. Qxb8 {[%emt 0:0:8]} Qf3 {[%emt 0:0:0]} 30. Qxb4 {[%emt 0:3:57]} Qg4+ {[%emt 0:4:4]} 31. Kh2 {[%emt 0:0:1]
} Qxh4+ {[%emt 0:0:9]} 32. Kg1 {[%emt 0:0:23]} Qxg5+ {[%emt 0:0:53]} 33. Kh2 {[%emt 0:0:4]} Qh4+ {[%emt 0:1:26]} 34. Kg1 {[%emt 0:0:6]} Qg4+ {[%emt 0:0:51]
} 35. Kh2 {[%emt 0:0:9]} Qe2 {[%emt 0:1:55]} 36. Kg1 {[%emt 0:0:0]} Qg4+ {[%emt 0:7:32]} 37. Kh2 {[%emt 0:0:5]} Qh4+ {[%emt 0:2:6]} 38. Kg1 {[%emt 0:0:37]} h5 {[%emt 0:0:45]} 39. Ba3 {[%emt 0:1:28]} Qg4+ {[%emt 0:0:19]
} 40. Kh2 {[%emt 0:0:0]} Qh4+ {[%emt 0:0:0]} 41. Kg1 {[%emt 0:0:57]
} Kh7 {[%emt 0:16:6]} 42. Qb8 {[%emt 0:5:50]} Qg4+ {[%emt 0:0:0]} 43. Kh2 {[%emt 0:0:24]} Qe2 {[%emt 0:2:27]} 44. Kg1 {[%emt 0:1:48]} Ne4 {[%emt 0:3:51]} 45. Qxe8 {[%emt 0:8:53]} Ng5 {[%emt 0:3:35]} 46. f4 {[%emt 0:5:47]
} Nh3+ {[%emt 0:1:3]} 47. Kh1 {[%emt 0:0:9]} Qxf1+ {[%emt 0:0:0]} 48. Kh2 {[%emt 0:0:5]} Ng5 {[%emt 0:5:19]} 49. fxg5 {[%emt 0:0:42]} Qe2+ {[%emt 0:0:31]} 50. Kg1 {[%emt 0:1:7]} Qe1+ {[%emt 0:0:9]} 51. Kg2 {[%emt 0:0:6]
} Qe2+ {[%emt 0:0:3]} 52. Kg1 {[%emt 0:0:29]} Qg4+ {[%emt 0:0:0]} 53. Kf2 {[%emt 0:1:17]} Qf5+ {[%emt 0:0:5]} 54. Ke2 {[%emt 0:1:17]} Qc2+ {[%emt 0:0:9]} 55. Kf3 {[%emt 0:0:30]} Qxb3 {[%emt 0:1:7]} 56. Qf8 {[%emt 0:1:18]
} Qd1+ {[%emt 0:1:35]} 57. Ke4 1/2-1/2